=LDR 00000nam 2200000 4500 =001 INLIS000000000002456 =005 20130612090806 =008 ***********************************Ind** =035 ##$$0010-061300000002456 =041 ##$$a Ind =082 ##$$a 616.075 =090 ##$$a 616.075, Sel d =100 ##$$a Seller, Robert H =245 ##$$a Diagnosis banding gejala yang lazim, Robert H.Seller; Alih bahasa, Chandra Sanusi =260 ##$$a 1992 $b Jakarta =300 ##$$a viii,452 hlm, ilus, 21 cm =650 ##$$a Diagnosa =650 ##$$a Prognosa =850 ##$$a NBPNMAT